[Event "Zhukovsky Winter op"]
[Site "Zhukovsky"]
[Date "2014.??.??"]
[Round "2"]
[White "Groisman, Anatoliy"]
[Black "Zheleznyak, Nikolay"]
[Result "1/2-1/2"]
[WhiteElo "1972"]
[BlackElo "1734"]
[PlyCount "212"]
[EventDate "2014.11.22"]
[EventType "swiss"]
[EventRounds "9"]
[EventCountry "RUS"]
[SourceTitle "EXT 2016"]
[Source "ChessBase"]
[SourceDate "2015.10.08"]
[SourceVersion "1"]
[SourceVersionDate "2015.10.08"]
[SourceQuality "1"]

1. Nf3 c5 2. g3 Nc6 3. Bg2 Nf6 4. 0-0 e6 5. d3 d5 6. Nbd2 Be7 7. e4 Qc7 8. Re1 0-0 9. c3 d4 10. a4 e5 11. Nc4 Bg4 12. h3 Be6 13. Nh4 Qd7 14. cxd4 cxd4 15. Kh2 Ne8 16. Nf3 f6 17. Nh4 Rc8 18. f4 Nd6 19. b3 b5 20. Nxd6 Bxd6 21. axb5 Nb4 22. Ba3 Nc2 23. Bxd6 Qxd6 24. Rxa7 Nxe1 25. Qxe1 g6 26. f5 Bf7 27. Ra6 Qe7 28. fxg6 hxg6 29. Qf2 Be8 30. b6 Rb8 31. Qa2 Qb4 32. Bf3 Rxb6 33. Rxb6 Qxb6 34. Qa3 Bf7 35. Bd1 Rb8 36. g4 Kg7 37. g5 fxg5 38. Nf3 Kf6 39. Qc1 Kg7 40. Qxg5 Qf6 41. Qxe5 Qxe5+ 42. Nxe5 Bxb3 43. Be2 Ba4 44. Kg3 Rb2 45. Kf3 Bb5 46. Ng4 Kf7 47. h4 Ke6 48. Nf2 Kd6 49. Ng4 Rd2 50. Nf2 Bd7 51. Bf1 Ke5 52. Be2 Be6 53. Bf1 Rc2 54. Be2 Rd2 55. Bd1 Ra2 56. Be2 Ra8 57. Bd1 Ra7 58. Kg3 Rh7 59. Ba4 Rh8 60. Bd1 Kd6 61. Bg4 Rf8 62. Bxe6 Kxe6 63. Ng4 Rf1 64. Nf2 Re1 65. Ng4 Rd1 66. Nf2 Rd2 67. Kf3 Ke5 68. Ng4+ Ke6 69. Nf2 Kf6 70. Ng4+ Kg7 71. Nf2 Kh6 72. Ng4+ Kh5 73. Ne5 Rc2 74. Kg3 Rc3 75. Kf4 Rc1 76. Kg3 Rd1 77. Kf4 Rf1+ 78. Nf3 Rf2 79. Kg3 Re2 80. Nxd4 Re3+ 81. Kf4 Rxd3 82. Nf3 Ra3 83. Ne5 Ra6 84. Nf3 Ra3 85. Ne5 Ra2 86. Nf3 Re2 87. Ne5 Rf2+ 88. Nf3 Rg2 89. e5 Rg4+ 90. Ke3 Ra4 91. e6 Kg4 92. Nd4 Kxh4 93. e7 Ra8 94. Ke4 Re8 95. Nc6 g5 96. Kf5 g4 97. Kf6 g3 98. Ne5 g2 99. Nf3+ Kg3 100. Ng1 Kh2 101. Ne2 Ra8 102. Kf7 Ra7 103. Kf8 Ra8+ 104. e8Q Rxe8+ 105. Kxe8 g1Q 106. Nxg1 Kxg1 1/2-1/2